000 00606nam a22002417a 4500
003 UA-OsUOA
001 26217
007 ta
008 20040524b un ||||| |||| 00| 0 ukr d
100 _aРастригин Л.А.
090 _a123.1
_bР25
942 _cBK
040 _aUA-OsUOA
_brus
_cUA-OsUOA
_dUA-OsUOA
245 _aЭтот случайный, случайный, случайный мир
300 _a224 с.
955 _a0
041 _arus
080 _a123.1
260 _aМосква
_bМолодая гвардия
_c1969
044 _aRU
650 7 _2UDC
999 _c312533
_d312533